| 000 | 00473cam a2200181ua 4500 | ||
|---|---|---|---|
| 020 |
_a0 582 60304 8 _cE4.40 |
||
| 041 |
_aeng _h |
||
| 082 |
_a630.33 _bABB/AG |
||
| 100 | _aAbbott, J C . | ||
| 245 |
_aAgricultural economics and marketing in the tropics / _cJ C Abbott. _hTextual Documents |
||
| 260 |
_aLondon : _bLongman , _c1979. |
||
| 300 | _a168 ; . | ||
| 365 | _aE4.40 | ||
| 504 | _a | ||
| 700 | 1 | _aMakehan, J P . | |
| 942 | _cBK | ||
| 999 |
_c2706 _d2706 |
||